Ulasan cerita seorang seniman / (Record no. 3965)

000 -LEADER
fixed length control field aam a22 a 4500
003 - CONTROL NUMBER IDENTIFIER
control field AKMAL
005 - DATE AND TIME OF LATEST TRANSACTION
control field 20170524130538.0
008 - FIXED-LENGTH DATA ELEMENTS--GENERAL INFORMATION
fixed length control field 170524s1981 my 00 may d
040 ## - CATALOGING SOURCE
Original cataloging agency AKMAL
082 04 - DEWEY DECIMAL CLASSIFICATION NUMBER
Classification number 899.235 HAS
090 20 - LOCALLY ASSIGNED LC-TYPE CALL NUMBER (OCLC); LOCAL CALL NUMBER (RLIN)
Classification number (OCLC) (R) ; Classification number, CALL (RLIN) (NR) 899.235
Local cutter number (OCLC) ; Book number/undivided call number, CALL (RLIN) HAS
100 0# - MAIN ENTRY--PERSONAL NAME
Personal name Hashim Awang,
Titles and words associated with a name Dato',
Dates associated with a name 1937-
9 (RLIN) 2721
245 10 - TITLE STATEMENT
Title Ulasan cerita seorang seniman /
Statement of responsibility, etc. Hashim Awang
260 ## - PUBLICATION, DISTRIBUTION, ETC.
Place of publication, distribution, etc. Kuala Lumpur :
Name of publisher, distributor, etc. Adabi,
Date of publication, distribution, etc. 1981
300 00 - PHYSICAL DESCRIPTION
Extent 108ms. ;
Dimensions 21cm
490 0# - SERIES STATEMENT
Series statement Siri bimbingan sastera SPM Adabi ;
Volume/sequential designation 4
650 #0 - SUBJECT ADDED ENTRY--TOPICAL TERM
Topical term or geographic name entry element Malay fiction
General subdivision History and description
9 (RLIN) 7784
942 ## - ADDED ENTRY ELEMENTS (KOHA)
Source of classification or shelving scheme
Koha item type Book
Holdings
Withdrawn status Lost status Source of classification or shelving scheme Damaged status Not for loan Collection code Home library Current library Shelving location Date acquired Inventory number Total Checkouts Full call number Barcode Date last seen Price effective from Koha item type
          FICTION AKMAL Melaka AKMAL Melaka PINJAMAN 24.05.2017 800419   899.235 HAS 201705143 24.05.2017 24.05.2017 Book
Pusat Sumber Maklumat Dato' Haji Sarmin Md Hussin, Akademi Kastam Diraja Malaysia, Melaka
Tel: 06-2331106 | Faks: 06-2313787